Нормален изглед
MARC изглед
- Димитрова, Мариана Пенчева
Вход 01. Лично име
001 - Контролен номер на записа
- Контролно поле: 285321
003 - Код на организацията, даваща контролен номер
- Контролно поле: BLK
005 - Дата и час на последна промяна на записа
- Контролно поле: 20240319154914.0
008 - Данни с фиксирана дължина – обща информация
- Данни с фиксирана дължина : 180420|| aca||aabn | a|a d
100 ## - ИМЕ НА ЛИЦЕ -ПЪРВИЧНА ИНТЕЛЕКТУАЛНА ОТГОВОРНОСТ
- Лично име: Димитрова, Мариана Пенчева
- Дати, свързани с автора: (28 май 1954 г. -1 юни 2005 г.)
- Друга информация: Бълг. драматична и филмова актриса, проф. път започва на русенска сцена в Драматичен театър "Сава Огнянов“
370 ## - Населено място
- Място на раждане: с. Козаревец, Горнооряховско
- Място на смърт: Сан Диего, САЩ
942 ## - Системна служебна употреба
- Koha auth type: PERSO_NAME